000 00347nam a2200157Ia 4500
003 OSt
005 20240123145125.0
008 170523s9999 xx 000 0 und d
020 _a8122403387
040 _ciimt university meerut
100 _aMAJUMDAR- R
245 0 _aMARKETING RESEARCH
260 _bNEW DELHI
260 _c1996
942 _2ddc
_c02
999 _c68
_d68